| 000 -LEADER |
| fixed length control field |
00367nam a22001217a 4500 |
| 082 ## - DEWEY DECIMAL CLASSIFICATION NUMBER |
| Classification number |
TNC Y15x54331 M687 |
| 100 ## - MAIN ENTRY--PERSONAL NAME |
| Personal name |
Mishra, S. N. |
| 9 (RLIN) |
21086 |
| 245 ## - TITLE STATEMENT |
| Title |
Land reforms and distributive justice |
| Statement of responsibility, etc |
by S. N. Mishra |
| 260 ## - PUBLICATION, DISTRIBUTION, ETC. (IMPRINT) |
| Place of publication, distribution, etc |
New Delhi |
| Name of publisher, distributor, etc |
Mittal |
| Date of publication, distribution, etc |
1991 |
| 300 ## - PHYSICAL DESCRIPTION |
| Extent |
213p. |
| 650 ## - SUBJECT ADDED ENTRY--TOPICAL TERM |
| Topical term or geographic name as entry element |
Distributive justice |
| 9 (RLIN) |
23353 |
| 650 ## - SUBJECT ADDED ENTRY--TOPICAL TERM |
| Topical term or geographic name as entry element |
Land reform - India - case studies |
| 9 (RLIN) |
23354 |